| 000 | 00409nam a2200169Ia 4500 | ||
|---|---|---|---|
| 008 | 210210b1939 xxu||||| |||| 00| 0 eng d | ||
| 041 | _aeng | ||
| 082 | _a822/881 | ||
| 100 | _aMURRAY (Rosalind) | ||
| 245 | _aGood pagans failure | ||
| 260 |
_aLondon _bLongmans Green and Company Limited _c1939 |
||
| 650 | _apagans | ||
| 650 | _aGood | ||
| 650 | _afailure | ||
| 690 | _aEnglish Prose | ||
| 906 | _a013065 | ||
| 999 |
_c131899 _d131899 |
||